书目信息 |
| 题名: |
自然保护区建设与管理
|
|
| 作者: | 王献溥 崔国发 | |
| 分册: | ||
| 出版信息: | 北京 化学工业出版社 2003 |
|
| 页数: | 420 | |
| 开本: | 19cm | |
| 丛书名: | 环境与生态工程丛书 | |
| 单 册: | ||
| 中图分类: | S75 | |
| 科图分类: | ||
| 主题词: | 森林经营 , 森林--计测学 , 森林经理 , 林业经营 | |
| 电子资源: | ||
| ISBN: | 7-5025-4381-3 | |
| 000 | 00703nam0 2200241 450 | |
| 001 | 0736775523 | |
| 005 | 20070929101255.51 | |
| 010 | @a7-5025-4381-3@d¥32.00 | |
| 100 | @a20070929d km y0chiy0120 ea | |
| 101 | 0 | @achi |
| 200 | 1 | @a自然保护区建设与管理@Azi ran bao hu qu jian she yu guan li@f王献溥 崔国发@Fwang xian pu cui guo fa |
| 210 | @a北京@c化学工业出版社@d2003 | |
| 215 | @a420@d19cm | |
| 225 | 2 | @a环境与生态工程丛书 |
| 410 | 0 | @12001 @a环境与生态工程丛书 |
| 606 | 0 | @a森林经营 |
| 606 | 0 | @a森林@x计测学 |
| 606 | 0 | @a森林经理 |
| 606 | 0 | @a林业经营 |
| 690 | @aS75@v3 | |
| 701 | 0 | @a王献溥 崔国发@Awang xian pu cui guo fa |
| 801 | 0 | @aCN@bPFT@c20070929 |
| 905 | @a213230@dS75@en1@f1 | |
| 自然保护区建设与管理/王献溥 崔国发.-北京:化学工业出版社,2003 |
| 420;19cm.-(环境与生态工程丛书) |
| ISBN 7-5025-4381-3:¥32.00 |
| ● |
| 相关链接 |
|
|
|
|
正题名:自然保护区建设与管理
索取号:S75/n1
 
预约/预借
| 序号 | 登录号 | 条形码 | 馆藏地/架位号 | 状态 | 备注 |
| 1 | 6602940 | 266029415 | 密集书库-生命科学系/ [索取号:S75/n1] | 在馆 |